000 00585nam a22001697a 4500
003 MACL
005 20160719153140.0
008 160719b xxu||||| |||| 00| 0 eng d
040 _cMACL
041 _aHindi
082 _a400
100 _aअग्रवाल, मुकेश
_955570
245 _aप्रयोजनमूलक हिन्‍दी
_cमुकेश अग्रवाल
260 _aगाजियाबाद
_bके. एल. पचौरी प्रकाशन
_c2016
650 _aभाषा विज्ञान
_950429
942 _2ddc
_cHIN
999 _c54486
_d54486